000 00304nam a2200145Ia 4500
100 _aRing/ Laurence J
942 _cBK
654 _amarketing
245 _aDecisions in Marketing
260 _bBusiness Books
_c1984
082 _a658.8
_bRIN/NEW
300 _a829
546 _aENGLISH
999 _c31326
_d31326